Welcome to Morningtown / Blake Liliane Hellman ; illustrated by Steven Henry.
In Morningtown, animal families of all shapes and sizes are waking up, getting out of bed, washing up, eating breakfast, and looking forward to a new day.
Record details
- ISBN: 9781681198736
- ISBN: 1681198738
- Physical Description: 1 volume (unpaged) : color illustrations ; 22 x 27 cm
- Publisher: New York : Bloomsbury Children's Books, 2019.
Search for related items by subject
| Subject: | Morning > Juvenile fiction. Animals > Juvenile fiction. |
| Genre: | Picture books. |
Available copies
- 1 of 1 copy available at scottsboropl.
Holds
- 0 current holds with 1 total copy.
Show Only Available Copies
| Location | Call Number / Copy Notes | Barcode | Shelving Location | Status | Due Date |
|---|---|---|---|---|---|
| scottsboropl | E Hel | 32269001138760 | Juvenile - Easy | Available | - |
| LDR | 01352nam a2200349 i 4500 | ||
|---|---|---|---|
| 001 | 152926 | ||
| 003 | CONS | ||
| 005 | 20191210082300.0 | ||
| 008 | 181023s2019 nyua a 000 1 eng | ||
| 010 | . | ‡a 2018045216 | |
| 020 | . | ‡a9781681198736 ‡q(hardcover) | |
| 020 | . | ‡a1681198738 ‡q(hardcover) | |
| 035 | . | ‡a(CPomAG)LMN615087 | |
| 042 | . | ‡alcac ‡apcc | |
| 050 | 0 | 0. | ‡aPZ7.1.H4468 ‡bWe 2019 |
| 082 | 0 | 0. | ‡a[E] ‡223 |
| 100 | 1 | . | ‡aHellman, Blake Liliane, ‡eauthor. |
| 245 | 1 | 0. | ‡aWelcome to Morningtown / ‡cBlake Liliane Hellman ; illustrated by Steven Henry. |
| 264 | 1. | ‡aNew York : ‡bBloomsbury Children's Books, ‡c2019. | |
| 300 | . | ‡a1 volume (unpaged) : ‡bcolor illustrations ; ‡c22 x 27 cm | |
| 336 | . | ‡atext ‡btxt ‡2rdacontent | |
| 336 | . | ‡astill image ‡bsti ‡2rdacontent | |
| 337 | . | ‡aunmediated ‡bn ‡2rdamedia | |
| 338 | . | ‡avolume ‡bnc ‡2rdacarrier | |
| 520 | . | ‡aIn Morningtown, animal families of all shapes and sizes are waking up, getting out of bed, washing up, eating breakfast, and looking forward to a new day. | |
| 650 | 0. | ‡aMorning ‡vJuvenile fiction. | |
| 650 | 0. | ‡aAnimals ‡vJuvenile fiction. | |
| 655 | 7. | ‡aPicture books. ‡2lcgft | |
| 700 | 1 | . | ‡aHenry, Steven, ‡d1962- ‡eillustrator. |
| 914 | . | ‡aSCP_LP | |
| 959 | . | ‡i32269001138760 ‡lE Hel ‡aJuvenile - Easy ‡tHardback ‡g20.00 | |
| 852 | . | ‡p32269001138760 ‡jE Hel ‡gJuvenile - Easy ‡cHardback ‡y20.00 ‡bSBPL | |
| 901 | . | ‡a152926 ‡bUnknown ‡c152926 ‡tbiblio | |